<?xml version="1.0" encoding="UTF-8"?><?xml-stylesheet type="text/xsl" href="static/style.xsl"?><OAI-PMH xmlns="http://www.openarchives.org/OAI/2.0/" xmlns:xsi="http://www.w3.org/2001/XMLSchema-instance" xsi:schemaLocation="http://www.openarchives.org/OAI/2.0/ http://www.openarchives.org/OAI/2.0/OAI-PMH.xsd"><responseDate>2026-04-13T02:50:44Z</responseDate><request verb="GetRecord" identifier="oai:www.recercat.cat:10459.1/64243" metadataPrefix="marc">https://recercat.cat/oai/request</request><GetRecord><record><header><identifier>oai:recercat.cat:10459.1/64243</identifier><datestamp>2024-12-05T22:29:55Z</datestamp><setSpec>com_2072_3622</setSpec><setSpec>col_2072_479130</setSpec></header><metadata><record xmlns="http://www.loc.gov/MARC21/slim" xmlns:dcterms="http://purl.org/dc/terms/" xmlns:xsi="http://www.w3.org/2001/XMLSchema-instance" xmlns:doc="http://www.lyncode.com/xoai" xsi:schemaLocation="http://www.loc.gov/MARC21/slim http://www.loc.gov/standards/marcxml/schema/MARC21slim.xsd">
   <leader>00925njm 22002777a 4500</leader>
   <datafield ind2=" " ind1=" " tag="042">
      <subfield code="a">dc</subfield>
   </datafield>
   <datafield ind2=" " ind1=" " tag="720">
      <subfield code="a">Cuvi Sánchez, María</subfield>
      <subfield code="e">author</subfield>
   </datafield>
   <datafield ind2=" " ind1=" " tag="260">
      <subfield code="c">2016-03-16T11:46:27Z</subfield>
   </datafield>
   <datafield ind2=" " ind1=" " tag="260">
      <subfield code="c">2016-03-16T11:46:27Z</subfield>
   </datafield>
   <datafield ind2=" " ind1=" " tag="260">
      <subfield code="c">2016-02-02</subfield>
   </datafield>
   <datafield ind2=" " ind1=" " tag="520">
      <subfield code="a">El objetivo de esta tesis doctoral es desentrañar el estilo de vida de la elite del café que emergió&#xd;
en el puerto de Manta, Ecuador, durante el siglo XX. Con la riqueza obtenida gracias a las&#xd;
exportaciones, hombres y mujeres de unas pocas familias, propietarias de las casas exportadoras,&#xd;
ejercieron el poder económico, contribuyeron a la creación de instituciones sociales y produjeron&#xd;
nuevas prácticas culturales.&#xd;
La tesis contiene dos partes en las que se ensayan los géneros científico y literario. La primera&#xd;
está dedicada a la historia social del café y de las antiguas casas exportadoras; la segunda a las&#xd;
familias de la elite del café. Así se logra evidenciar que, mientras los hombres acumulaban&#xd;
riqueza y forjaban su prestigio en el espacio público, sus esposas, hijas y nueras inauguraban un&#xd;
estilo de vida que diluye las fronteras entre lo privado y lo público, bajo un sistema de género&#xd;
como predominio patriarcal.</subfield>
   </datafield>
   <datafield ind2=" " ind1=" " tag="520">
      <subfield code="a">The aim of this PhD thesis is to analyze the lifestyle of the coffee elite that emerged in the port of&#xd;
Manta, Ecuador, during the 20th century. With the benefits generated from the coffee exports,&#xd;
men and women, members of a small group of families who owned the export companies,&#xd;
exercised economic power, contributed to the creation of social institutions, and produced new&#xd;
cultural practices.&#xd;
The thesis contains two sections each written in a different style, one associated with the social&#xd;
sciences and the other with literary works. The first part focuses on the social history of coffee&#xd;
and the former export companies; the second, with the families of the coffee elite. This thesis&#xd;
demonstrates that while men were accumulating wealth and prestige in the public space, their&#xd;
wives, daughters and daughters-in-law inaugurated a lifestyle that blurred the limits between&#xd;
public and private within a predominantly patriarchal gender system.</subfield>
   </datafield>
   <datafield ind2=" " ind1=" " tag="520">
      <subfield code="a">Aquesta tesi de doctorat té com a objectiu prioritari analitzar l'estil de vida de l'elit del cafè que&#xd;
va sorgir al port de Manta, Equador, a les primeres dècades del segle XX. Gràcies als beneficis de&#xd;
les exportacions de cafè, homes i dones d'unes poques famílies propietàries de les cases&#xd;
exportadores, van exercir el poder econòmic, van contribuir a la creació d'institucions socials i&#xd;
van promoure noves pràctiques culturals.&#xd;
La tesi conté dues parts diferenciades on s'assagen els gèneres científic i literari. La primera està&#xd;
dedicada a la història social del cafè i de les antigues cases exportadores; la segona a les famílies&#xd;
de l'elit del cafè. Així s'aconsegueix evidenciar que, mentre els homes acumulaven riquesa i&#xd;
forjaven el seu prestigi en l'espai públic, les seves dones, filles i nores inauguraven un estil de&#xd;
vida que va diluir les fronteres entre allò privat i allò públic, sota un sistema de gènere de&#xd;
predomini patriarcal.</subfield>
   </datafield>
   <datafield ind1="8" ind2=" " tag="024">
      <subfield code="a">http://hdl.handle.net/10459.1/64243</subfield>
   </datafield>
   <datafield tag="653" ind2=" " ind1=" ">
      <subfield code="a">Elits</subfield>
   </datafield>
   <datafield tag="653" ind2=" " ind1=" ">
      <subfield code="a">Història social del cafè</subfield>
   </datafield>
   <datafield tag="653" ind2=" " ind1=" ">
      <subfield code="a">Sistema de gènere</subfield>
   </datafield>
   <datafield tag="653" ind2=" " ind1=" ">
      <subfield code="a">Història de les dones</subfield>
   </datafield>
   <datafield tag="653" ind2=" " ind1=" ">
      <subfield code="a">Elites</subfield>
   </datafield>
   <datafield tag="653" ind2=" " ind1=" ">
      <subfield code="a">Sistema de género</subfield>
   </datafield>
   <datafield tag="653" ind2=" " ind1=" ">
      <subfield code="a">Historia de las mujeres</subfield>
   </datafield>
   <datafield tag="653" ind2=" " ind1=" ">
      <subfield code="a">Social History of Cofee</subfield>
   </datafield>
   <datafield tag="653" ind2=" " ind1=" ">
      <subfield code="a">Gender System</subfield>
   </datafield>
   <datafield tag="653" ind2=" " ind1=" ">
      <subfield code="a">History of Women</subfield>
   </datafield>
   <datafield tag="653" ind2=" " ind1=" ">
      <subfield code="a">Història contemporània</subfield>
   </datafield>
   <datafield tag="653" ind2=" " ind1=" ">
      <subfield code="a">94</subfield>
   </datafield>
   <datafield ind2="0" ind1="0" tag="245">
      <subfield code="a">Los patriarcas del café: la formación de una elite en Manta (Ecuador) en la primera mitad del siglo XX</subfield>
   </datafield>
</record></metadata></record></GetRecord></OAI-PMH>